Southville International School and Colleges
Your cart is empty.
  • Cart
  • Lists
    Public lists Eva Luna New books Lux_list list_1
    Your lists Log in to create your own lists
  • Log in to your account
  • Your cookies
  • Search history
Southville International School and Colleges
  • Advanced search
  • Recent comments
  • Most popular
  • Libraries

Log in to your account

Log in with GOOGLE


If you do not have an external account, but do have a local account, you can still log in:

  1. Home
  2. MARC view: The Teddy bear who couldn't do anything /
Normal view MARC view ISBD view

The Teddy bear who couldn't do anything / (Record no. 104119)

[ view plain ]
MARC details
000 -LEADER
fixed length control field 00802nam a2200181 a 4500
005 - DATE AND TIME OF LATEST TRANSACTION
control field 20140412111313.0
008 - FIXED-LENGTH DATA ELEMENTS--GENERAL INFORMATION
fixed length control field 010321s19uu xx 00 eng d
020 ## - INTERNATIONAL STANDARD BOOK NUMBER
International Standard Book Number 0-7214-5227-2
050 ## - LIBRARY OF CONGRESS CALL NUMBER
Classification number ER
Item number Te228 1989
100 ## - MAIN ENTRY--PERSONAL NAME
Personal name Anastasio, Dina
245 ## - TITLE STATEMENT
Title The Teddy bear who couldn't do anything /
Statement of responsibility, etc by Dina Anastasio ; illustrated by Karen Loccisano.
260 ## - PUBLICATION, DISTRIBUTION, ETC. (IMPRINT)
Place of publication, distribution, etc Leicestershire, England :
Name of publisher, distributor, etc Ladybird Books,
Date of publication, distribution, etc 1989.
300 ## - PHYSICAL DESCRIPTION
Extent 1 v. (unp.) ; ill.
520 ## - SUMMARY, ETC.
Summary, etc All toys laugh at the teddy bear because he can't do the things they can. He can't march like a soldier, or dance like the ballerina, or play a drum like the monkey. But when nightime comes, they all see why the teddy bear is the most special toy of all.
650 ## - SUBJECT ADDED ENTRY--TOPICAL TERM
Topical term or geographic name as entry element Toys - Stories
650 ## - SUBJECT ADDED ENTRY--TOPICAL TERM
Topical term or geographic name as entry element Children stories
Holdings
Withdrawn status Lost status Damaged status Use restrictions Home library Current library Shelving location Date acquired Source of acquisition Total Checkouts Full call number Barcode Date last seen Price effective from Koha item type
        Elizalde Library Elizalde Library Easy Reading Section 03/21/2001     ER Te228 1989 E6514 04/12/2014 04/12/2014 Books

The Teddy bear who couldn't do anything /

APA

Anastasio D., . (1989). The Teddy bear who couldn't do anything. Leicestershire, England: Ladybird Books.

Chicago

Anastasio Dina, . 1989. The Teddy bear who couldn't do anything. Leicestershire, England: Ladybird Books.

Harvard

Anastasio D., . (1989). The Teddy bear who couldn't do anything. Leicestershire, England: Ladybird Books.

MLA

Anastasio Dina, . The Teddy bear who couldn't do anything. Leicestershire, England: Ladybird Books. 1989.

  • Place hold
  • Print
  • Cite
  • Add to your cart (remove)
  • Save record
    BIBTEX Dublin Core MARCXML MARC (non-Unicode/MARC-8) MARC (Unicode/UTF-8) MARC (Unicode/UTF-8, Standard) MODS (XML) RIS
  • More searches
    Search for this title in:
    Other Libraries (WorldCat) Other Databases (Google Scholar) Online Stores (Bookfinder.com) Open Library (openlibrary.org)

Exporting to Dublin Core...

SOUTHVILLE LIBRARY

Southville International School and Colleges Library

1281 Tropical Ave. Cor. Luxembourg St., BF Homes International, Las Pinas City

Tel. No. 8256374 / 252358 Loc. 117/146

Powered by Koha